|
|
|
|
| LEADER |
00000nam a2200000 a 4500 |
| 001 |
vtls001077915 |
| 003 |
SK-MaSNL |
| 005 |
20260301000743.0 |
| 008 |
251031s1994 xo 0 cze |
| 015 |
|
|
|a SNBA1995/03
|
| 020 |
|
|
|a 8085355124
|
| 035 |
|
|
|a SNK000020750
|
| 040 |
|
|
|a SNK
|b slo
|c SNK
|e AACR2
|
| 041 |
1 |
|
|a cze
|h eng
|
| 044 |
|
|
|a xo
|c SK
|
| 080 |
|
|
|a 639.34(035)=850
|2 1981
|
| 100 |
1 |
|
|a Mills, Dick,
|d 1936-
|4 aut
|9 216570
|
| 240 |
1 |
0 |
|a You and Your Aquarium
|l Česky
|
| 245 |
1 |
0 |
|a Vaše akvárium
|b Všestranný rádce jak založit a pečovat o akvárium
|c Dick Mills ; Prel. Miloš Chlouba
|
| 260 |
|
|
|a [Bratislava]
|b Prúdy
|c 1994
|e Martin
|f Neografia
|
| 300 |
|
|
|a 287 s.
|b Fotogr., reg. rýb, sch., slovník
|c 22 cm
|
| 500 |
|
|
|a Sadzba: RETAAS-KORPRINT
|
| 500 |
|
|
|a Rozlož. fotogr. na tit. liste
|
| 655 |
|
7 |
|a obrazové publikácie
|2 SNK
|9 70343
|
| 700 |
1 |
|
|a Chlouba, Miloš
|4 trl
|9 44463
|
| 852 |
|
|
|a Slovenská národná knižnica
|
| 919 |
|
|
|a 80-85355-12-4
|
| 954 |
|
|
|a ryby akváriové
|a akvaristika
|
| 958 |
|
|
|a APR
|
| 958 |
|
|
|a TL
|
| 958 |
|
|
|a OP
|
| 958 |
|
|
|a NS
|
| 958 |
|
|
|a CZ
|
| 968 |
|
|
|a [Čes]
|b ENG
|d [Z angl. orig.]
|
| 999 |
|
|
|c 533421
|d 535351
|
| 952 |
|
|
|t P60, <03>, [BOOK], {603}
|a SNK
|b SNK
|y PREZ
|7 0
|p 17A0007327
|o snkSC 87661
|0 0
|1 0
|4 0
|d 1996-09-18
|l 0
|r 2004-12-31 00:00:00
|w 2026-02-23
|
| 952 |
|
|
|t P60, <04>, [BOOK], {604}
|a SNK
|b SNK
|y VYP
|7 0
|p 17A0012012
|o snkSC 87661 D1
|0 0
|1 0
|4 0
|d 1996-10-14
|l 0
|r 2004-12-31 00:00:00
|w 2026-02-23
|